00618nam a22001932a 450000100060000000300080000600500170001400800410003103500510007204000270012304100080015008200240015810000250018224500650020726000680027230000260034050400200036665100380038636194BD-RjUL20211209052441.0140617s1967 pk 001 0 eng d a(BD-RjUL)36291aOCLC ocm21693358 from D950103M aCUYcCUYdBD-RjULbeng aeng a320.95491bAHP 19671 aAhsan, Syed Qamarul.10aPolitics and personalities in Pakistan /cSyed Qamarul Ahsan aHabigunj, Pakistan :bSyeda Raushan Akhtar Nadera Begum,c1967. aviii, 136 p. ;c18 cm aIncludes index. 0aPakistanxPolitics and government